000 00735nam a22002297a 4500
003 UA-OsUOA
001 60696
007 ta
008 20090601b un ||||| |||| 00| 0 ukr d
100 _aКупалова Г.І.
700 _aКоренєва Н.О.
090 _a902
_bК92
942 _cSA
040 _aUA-OsUOA
_bukr
_cUA-OsUOA
_dUA-OsUOA
245 _aСтатистичне забезпечення аналізу інвестиційної привабливості регіонів України
300 _aС.76-81
955 _a0
041 _aukr
080 _a902
773 0 _w60693
_tСтатистика України
_dК.
_d2009
_g1
650 7 _a9 Географія. Біографії. Історія
_2UDC
999 _c346611
_d346611